[Event "Balatonbereny GM"]
[Site "Balatonbereny"]
[Date "1995.??.??"]
[Round "8"]
[White "Landa, Konstantin"]
[Black "Tolnai, Tibor"]
[Result "1-0"]
[WhiteElo "2515"]
[BlackElo "2455"]
[Annotator "Boensch,U"]
[PlyCount "99"]
[EventDate "1995.08.??"]
[EventType "tourn"]
[EventRounds "11"]
[EventCountry "HUN"]
[EventCategory "11"]
[SourceTitle "CBM 050"]
[Source "ChessBase"]
[SourceDate "1996.02.01"]
[SourceVersion "1"]
[SourceVersionDate "1996.02.01"]
[SourceQuality "1"]

1. e4 c5 2. Nf3 d6 3. d4 cxd4 4. Nxd4 Nf6 5. Nc3 g6 6. Be3 Bg7 7. f3 Nc6 8. Qd2
O-O 9. O-O-O d5 10. Kb1 (10. Qe1 e6 11. h4 Qe7 12. h5 dxe4 13. Nxc6 bxc6 14.
Qh4 Rb8 15. Rd4 Qb7 16. b3 exf3 17. Ne4 Nxe4 18. hxg6 h6 19. gxf7+ Qxf7 20.
Rxe4 fxg2 21. Bxg2 Qf6 22. Qxf6 Rxf6 23. Ra4 $14 {Mortensen,E-Tisdall,J
Reykjavik zt (03) 1995 1/2 42 - CBM 47}) 10... Nxd4 (10... dxe4 $4 11. Nxc6
Qxd2 12. Nxe7+ $18) (10... e6 11. h4 Re8 12. h5 Nxd4 13. Bxd4 e5 14. Be3 d4 15.
Bg5 Qa5 16. Nb5 Qb6 17. hxg6 hxg6 18. g4 $14 {Mahdia F-Sharaibi F Thessalonika
1988 0-1 53}) (10... Rb8 $5 $146 11. Nb3 dxe4 12. Qxd8 Rxd8 13. Rxd8+ Nxd8 14.
Bxa7 Ra8 15. Bb6 Bf5 16. Be2 Nc6 17. Rd1 Nd7 18. Bd4 {1/2 Milov,L-Ovsejevitsch,
S Nikolaev zt (05) 1995 - CBM 47}) 11. e5 $5 {Dieses Scheinopfer scheint sich
zu einer ordentlichen Variante zu mausern.} (11. Bxd4 $2 dxe4 12. h4 (12. Bxf6
Qxd2 13. Rxd2 exf6 $6 (13... Bxf6 $15) 14. Nxe4 f5 15. Nd6 Be6 16. f4 Rfd8 17.
Be2 $14 {Messarius,J-Gustavsson,C BL2-W 9293 1993 0-1 61}) 12... exf3 13. gxf3
Nh5 $6 (13... Qd6 $5) 14. Qe3 $132 {Paternoste,R-Alvarez,R cr LADAC Superior
1989 1-0 38}) 11... Nd7 (11... Nf5 12. exf6 exf6 13. Bc5 d4 14. Bxf8 Qxf8 15.
Nb5 $16 {Mifsud,T-Bizat,M Moscow olm (11) MLT-MNC 1994 1-0 35 - EXP 44}) (11...
Nxf3 $142 12. gxf3 Nd7 (12... Nh5 13. Nxd5 (13. Qxd5 Qc7 14. f4 Bg4 15. Be2
Bxe2 16. Nxe2 Rad8 $2 17. Qc5 $16 {Brodsky,M-Marin,M Bucharest Ciocaltea (08)
1995 1/2 21 - CBM 48}) 13... Be6 14. f4 Bxd5 15. Qxd5 Qxd5 16. Rxd5 Bh6 17. Bc4
Bxf4 18. Bxf4 Nxf4 19. Rd7 e6 20. Rxb7 $14 {Svicevic,R-Ristic,Nen Jug-chT
Tivat (05) 1995 1/2 27 - EXP 48}) 13. Nxd5 Bxe5 $13) (11... Nxc2 $4 12. exf6
Nxe3 13. fxg7 Nxd1 14. gxf8=Q+ Qxf8 15. Qxd1 $18) 12. Bxd4 Nxe5 (12... e6 $6
13. f4 a6 14. h4 b5 15. h5 b4 16. Na4 a5 17. g4 $2 (17. hxg6 $14) 17... g5 $2
$13 {Kaminski,U-Sievers,S BL 9495 HSK-Dresden [7] 1995 1/2 38}) 13. Qe3 Nd7
$146 (13... Nc6 14. Bxg7 Kxg7 15. Nxd5 Qa5 16. b4 $1 $16 {Milov,L-Golubev,M
Biel op (10) 1994 1/2 27}) (13... Qd6 $2 14. Nb5 $1 Qb8 15. Bxa7 $18) 14. Bxg7
Kxg7 15. Nxd5 e6 16. Nc3 (16. Qc3+ Kg8 (16... Nf6 17. Ne3 (17. Qxf6+ Qxf6 18.
Nxf6 Kxf6 $10) 17... Qe7 18. Ng4 $16) 17. Bb5 $5 exd5 18. Rxd5 Qb6 (18... Re8
19. Rhd1 Re7 20. Qd2 $16) 19. Bxd7 Rd8 20. Qd2 Rxd7 21. Rxd7 Bxd7 22. Qxd7 Rd8
$44) 16... Qb6 17. Qd2 (17. Qxb6 Nxb6 18. f4 Bd7 19. Bd3 Bc6 $10) 17... Nf6 18.
Qg5 {/\Qe5} Qc7 19. Nb5 Qa5 20. h4 h6 (20... Nd5 21. h5 f6 22. Qh4 g5 23. Qe4
$14) 21. Qf4 Bd7 (21... e5 22. Qxe5 a6 23. Rd6 axb5 (23... Be6 $2 24. Rxe6 fxe6
25. Qc7+ Qxc7 26. Nxc7 $16) 24. Qxf6+ Kh7 25. a3 Qe1+ 26. Ka2 Be6+ (26... b4
27. h5 Be6+ 28. Rxe6 Qxe6+ 29. Qxe6 fxe6 30. Bd3 $16) 27. Rxe6 Qxe6+ (27...
fxe6 28. Qxg6+ Kxg6 29. Bd3+ $14) 28. Qxe6 fxe6 29. Bxb5 $14) 22. b4 $6 Qb6 23.
Rd6 Bc6 (23... Qf2 24. Nc3 (24. Qd2 Qxd2 25. Rxd2 Bxb5 26. Bxb5 Nd5 27. Bc4
Nxb4 28. Rd7 Kf6 $15) 24... Rfc8 25. Qe5 (25. Qxf6+ $2 Kxf6 26. Ne4+ Ke5 27.
Nxf2 Kxd6 $19) 25... Ba4 26. Bd3 Qxg2 27. Rc1 $13) 24. c4 $6 Qf2 25. Qd2 Qxd2
26. Rxd2 Bxb5 27. cxb5 Rfd8 $1 28. Rxd8 Rxd8 29. Bc4 Rd4 30. Rc1 Rxh4 $17 31.
Kb2 Rd4 32. Kb3 Nd7 33. Kc3 Rd6 34. a4 Nb6 $2 {Der falsche Plan. Schwarz
sollte so schnell wie möglich seine P am Königsflügel nach vorn bringen.} 35.
Bb3 Nd5+ $6 36. Kb2 $1 (36. Bxd5 $2 Rxd5 37. Kb3 Rd3+ 38. Kb2 Rd2+ (38... Rd7
$19) 39. Kb3 Rxg2 40. Rc7 h5 $1 41. Rxb7 h4 42. Rxa7 h3 43. b6 h2 44. b7 h1=Q
45. b8=Q Qd1+ 46. Kc4 Qd5+ 47. Kc3 Qxf3+ 48. Kc4 Qc6+ 49. Kd3 Qc2+ 50. Kd4 Rd2+
51. Ke3 Qc3+ 52. Kf4 Rd4+ 53. Kg5 Qe3+ 54. Qf4 Qxf4#) 36... Nxb4 (36... Nf4 37.
Rc7 Nxg2 38. Rxb7 h5 39. Rxa7 h4 40. Rc7 Ne1 41. Ka3 h3 42. Rc1 Nxf3 43. a5 $13
) 37. Rc7 Rb6 (37... b6 38. Rxa7 Nd3+ 39. Kc3 Nf4 (39... h5 40. Bxe6 $10) 40.
Ra6 Nxg2 (40... h5 41. a5 Ne2+ 42. Kb4 bxa5+ 43. Kxa5 $13) 41. a5 h5 (41... Ne1
42. Rxb6 Rd3+ 43. Kc4 Rd8 44. a6 Nxf3 45. a7 Ra8 46. Ra6 Ne5+ 47. Kc5 $18) 42.
Rxb6 Rd8 43. a6 h4 44. a7 Ra8 45. Ra6 h3 46. b6 h2 47. b7 $18) 38. Kc3 a5 (
38... Nd5+ 39. Bxd5 exd5 40. Kd4 $10) 39. Kc4 Rd6 (39... e5 40. Kc5 Rf6 41.
Rxb7 $16) 40. Kc5 Rd2 41. Rxb7 (41. Bxe6 Nd3+ (41... Rc2+ 42. Bc4 Nd3+ 43. Kd4
Nb2 44. Rxf7+ Kh8 45. Bb3 Rxg2 46. Rxb7 $18) 42. Kb6 Ne5 43. Bh3 $16) 41... Kf6
42. Rc7 Rxg2 43. b6 Rb2 44. Kc4 h5 45. b7 Na6 46. Rc6 Nb8 47. Rc8 Na6 (47...
Nd7 48. Rd8 Nb6+ 49. Kd3 $1 (49. Kc3 Nxa4+ 50. Kc4 Nb6+ (50... Rxb3 51. Kxb3
Nc5+ 52. Kc4 Nxb7 53. Rd7 $18) 51. Kd3 $18) 49... Rxb3+ 50. Kc2 Nxa4 51. Kxb3
Nc5+ 52. Kc4 Nxb7 53. Rd7 $18) 48. Kc3 Rf2 (48... Rb1 49. Kc2 Rf1 50. Bc4 $18)
49. Bc4 Rxf3+ 50. Kd2 1-0

[Event "Lugano Open-10"]
[Site "Lugano"]
[Date "1985.03.??"]
[Round "8"]
[White "Sokolov, Andrei"]
[Black "Kudrin, Sergey"]
[Result "1/2-1/2"]
[WhiteElo "2550"]
[BlackElo "2485"]
[Annotator "Bulletin"]
[PlyCount "78"]
[EventDate "1985.03.??"]
[EventType "swiss"]
[EventRounds "9"]
[EventCountry "SUI"]
[SourceTitle "EXT 2000"]
[Source "ChessBase"]
[SourceDate "1999.11.16"]
[SourceVersion "1"]
[SourceVersionDate "1999.11.16"]
[SourceQuality "1"]

1. e4 c5 2. Nf3 d6 3. d4 cxd4 4. Nxd4 Nf6 5. Nc3 g6 6. Be3 Bg7 7. f3 Nc6 8. Qd2
O-O 9. O-O-O d5 10. Nxc6 bxc6 11. Bh6 (11. e5 Nd7 12. f4 Qa5 13. g4 e6 $17) (
11. exd5 Qa5 $5 12. dxc6 Be6 $13) 11... Qc7 (11... e6 12. h4 Bh8 $1 {
Kudrin-Lobron/New York/1983/}) (11... Qa5 12. Bxg7 Kxg7 13. exd5 cxd5 14. g4 e6
15. h4 h5 16. Qf4 Qb6 17. Bd3 e5 18. Qxe5 Re8 $10 {Timman-Sax/Niksic/1983/})
12. Bxg7 Kxg7 13. exd5 cxd5 14. h4 h5 (14... Be6 $2 15. h5 Nxh5 16. g4 Nf6 17.
Qh6+ Kg8 18. g5 Nh5 19. Rxh5 gxh5 20. Bd3) 15. Nxd5 Nxd5 16. Qxd5 Be6 17. Qd4+
Kg8 (17... f6 $2) 18. Bd3 Rfd8 19. Qe3 {/\ Bg6} (19. Qa4) 19... Bxa2 20. g4
Rab8 21. gxh5 (21. c3 $5) 21... Rxb2 $3 22. hxg6 $1 (22. Kxb2 Rb8+ 23. Bb5 (23.
Kxa2 Qa5#) (23. Kc1 Qc3 {/\ Rb1#}) 23... Rxb5+ 24. Kc1 Rxh5 $17) 22... Rb6 23.
gxf7+ Kf8 (23... Kxf7 24. Qg5 Rxd3 25. Rxd3 Rb1+ 26. Kd2 Rxh1 27. Qh5+ $10) 24.
Qg5 Bxf7 25. Rhe1 (25. Rhg1 Qc3) 25... Qd6 26. Re5 Qb4 27. Re4 Qa3+ 28. Kd2 Rd5
29. Qe3 Rg6 30. Ke2 Qd6 {/\ ...Qh2} 31. Rf1 Rg2+ 32. Rf2 Rg1 33. Qxa7 Re5 34.
Qa8+ (34. Rxe5 $2 Qxe5+ 35. Qe3 Re1+ $19) 34... Kg7 35. Rxe5 Qxe5+ 36. Qe4 Qf6
37. Rf1 Rg2+ 38. Rf2 Rg1 39. Rf1 Rg2+ 1/2-1/2

[Event "ROM-chT"]
[Site "Baile Tusnad"]
[Date "1997.??.??"]
[Round "?"]
[White "Varga, Z."]
[Black "Golubev, Mikhail"]
[Result "1/2-1/2"]
[WhiteElo "2455"]
[BlackElo "2530"]
[Annotator "Bulletin"]
[PlyCount "42"]
[EventDate "1997.??.??"]
[EventType "team"]
[EventRounds "5"]
[EventCountry "ROU"]
[SourceTitle "EXT 1999"]
[Source "ChessBase"]
[SourceDate "1998.11.16"]
[SourceVersion "1"]
[SourceVersionDate "1998.11.16"]
[SourceQuality "1"]

1. e4 c5 2. Nf3 d6 3. d4 cxd4 4. Nxd4 Nf6 5. Nc3 g6 6. Be3 Bg7 7. f3 Nc6 8. Qd2
O-O 9. g4 Be6 10. Nxe6 fxe6 11. Bc4 Qc8 12. Bb3 Na5 13. O-O-O Nxb3+ 14. cxb3
Nd7 15. Rhf1 Bxc3 16. bxc3 Ne5 17. Bf4 Qc5 $2 (17... Nd3+ 18. Qxd3 Rxf4 $15)
18. Bxe5 Qxe5 19. f4 $1 Qc5 20. Rf3 a5 21. Qd4 Rac8 1/2-1/2

[Event "CZE-ch op"]
[Site "Nymburk"]
[Date "1997.??.??"]
[Round "?"]
[White "Svatos, Jan"]
[Black "Jirovsky, Pavel"]
[Result "1/2-1/2"]
[WhiteElo "2305"]
[BlackElo "2360"]
[Annotator "Bulletin"]
[PlyCount "81"]
[EventDate "1997.??.??"]
[EventType "swiss"]
[EventRounds "9"]
[EventCountry "CZE"]
[SourceTitle "EXT 1999"]
[Source "ChessBase"]
[SourceDate "1998.11.16"]
[SourceVersion "1"]
[SourceVersionDate "1998.11.16"]
[SourceQuality "1"]

1. e4 c5 2. Nf3 d6 3. d4 cxd4 4. Nxd4 Nf6 5. Nc3 g6 6. Be3 Bg7 7. f3 O-O 8. Qd2
d5 $5 9. e5 Nfd7 {Jiste lep¿i nee teorii uvaden} (9... Ne8 10. f4 f6 11. O-O-O
fxe5 12. fxe5 Nc6 (12... Bxe5 13. Nf3 Bxc3 14. Qxc3 e6 15. h4) 13. Nf3 Bg4 14.
Nxd5 Rxf3 15. gxf3 Bxf3 16. Bg2 Bxd1 17. Rxd1 Bxe5 18. Bc5 e6 19. Ne7+) 10. f4
Nb6 11. h3 Nc6 12. O-O-O f6 13. exf6 Bxf6 14. g4 e6 15. g5 $6 Bxd4 16. Bxd4
Nxd4 17. Qxd4 {Daleko vice nee draui sicilske se pozice podoba francouzske.
Uerny ma sice ¿patneho st elce, nicmene velmi duraznou protihru ma proti pe¿ci
f4} Qc7 $1 18. Ne2 Bd7 19. h4 Rac8 20. c3 Bb5 21. h5 $6 {Bily za sebou pali
mosty, jeho operace v¿ak skryvala rafinovane vyvraceni. Nutne byl} (21. Qe3)
21... e5 $6 {Uerny zbyteune soupe i duve uje. P} (21... Bxe2 22. hxg6 e5 $1 23.
Qg1 Bxd1 24. Rxh7 Bh5 $3 25. Qh2 Bxg6 $1 (25... Rxf4 26. Qxh5 Rxf1+ 27. Kd2
Nc4+ 28. Ke2 Rf2+ 29. Ke1 $1) 26. Rxc7) 22. fxe5 Rxf1 23. Rdxf1 Bxe2 24. hxg6
Bxf1 {Ne¿l} (24... hxg6 25. e6 Qg7 26. Qxg7+ Kxg7 27. Rf7+ Kg8 28. Rhh7) 25.
Rxh7 $6 {Objektivne spravne bylo 25...Dc5! Nezapomenout!!} (25. gxh7+ Kh8 26.
e6+ Qg7 27. Qxg7+ Kxg7 28. Rxf1 Kxh7 29. Rf7+ Kg6 30. Rxb7) 25... Qc4 {Jediny
tah. V turnajovem bulletinu je uvaden} (25... Qc4 26. Qf2 $1) 26. Rh8+ $1 {
Jedina moenost, jak se pokusit je¿te trochu ¿idit} (26. Qf2) 26... Kg7 {
Samoz ejme ne¿l} (26... Kxh8 27. Qh4+) 27. Rxc8 Qxc8 28. e6+ Kxg6 29. Qf6+ Kh5
30. g6 {P} (30. Qxf1 Qxe6) 30... Qc5 $1 {Vadi mu ale p itomnost vlatniho krale}
31. e7 Qe3+ 32. Kc2 Qe2+ 33. Kb3 Qb5+ $2 {Vyhraval} (33... Qd1+ 34. Kb4 Qa4+
35. Kc5 Nd7+) 34. Kc2 Bd3+ $4 {Teprve timto tahem zahazuje uerny vyhru. Stale
je¿te nebylo pozde se p} (34... Qd3+ 35. Kb3 Qd1+) 35. Kc1 Bxg6 {Uerny
zlikvidoval jednoho nebezpeuneho pe¿ce a pole promeny druheho bezpeune kryje}
36. Qe5+ {Ale, au je to neuve itelne, nyni nemuee uniknout z veuneho ¿achu} Kg4
37. Qe6+ Kf4 38. Qf6+ Bf5 39. Qd4+ Be4 40. Qf6+ Bf5 41. Qd4+ {remiza. P es
chyby, nebo moena prave pro ne, neobyuejne napinava a vzru¿ujici partie}
1/2-1/2

[Event "Hoogovens"]
[Site "Wijk aan Zee"]
[Date "1977.01.22"]
[Round "7"]
[White "Sigurjonsson, Gudmundur"]
[Black "Miles, Anthony John"]
[Result "0-1"]
[WhiteElo "2520"]
[BlackElo "2555"]
[Annotator "Bulletin"]
[PlyCount "60"]
[EventDate "1977.01.14"]
[EventType "tourn"]
[EventRounds "11"]
[EventCountry "NED"]
[EventCategory "11"]
[SourceTitle "MCL"]
[Source "ChessBase"]
[SourceDate "1999.07.01"]
[SourceVersion "1"]
[SourceVersionDate "1999.07.01"]
[SourceQuality "1"]

1. e4 c5 2. Nf3 d6 3. d4 cxd4 4. Nxd4 Nf6 5. Nc3 g6 6. Be3 Bg7 7. f3 O-O 8. Qd2
Nc6 9. O-O-O d5 10. exd5 Nxd5 11. Nxc6 bxc6 12. Bd4 e5 13. Bc5 Be6 14. Ne4 Re8
15. h4 $1 (15. Ba6 Qc7 16. g4 Red8 17. Qe1 Nf6 18. Rxd8+ Rxd8 19. g5 Nxe4 20.
fxe4 Bf8) 15... Rb8 16. g4 f5 17. gxf5 gxf5 18. Nd6 (18. Ng5 $6 e4 19. Bd4 e3
$1 20. Qg2 $2) 18... Bf8 19. Bc4 $1 Re7 20. Rhg1+ Kh8 21. Bxd5 $2 cxd5 22. Qe3
Bg8 $1 23. Nxf5 Re6 24. Bxf8 Qxf8 25. Ng7 (25. Rg5 $6 d4) 25... Re7 26. Nh5 Bf7
27. Rg5 d4 28. Qa3 Bg6 29. Qd6 $2 Rxb2 30. Rd2 Rb1+ 0-1

[Event "USA-ch U20"]
[Site "Saint Louis"]
[Date "2016.07.16"]
[Round "8"]
[White "Harmon Vellotti, Luke"]
[Black "Bodek, Michael H"]
[Result "1/2-1/2"]
[WhiteElo "2434"]
[BlackElo "2408"]
[Annotator "CB"]
[PlyCount "80"]
[EventDate "2016.07.08"]
[EventType "tourn"]
[EventRounds "9"]
[EventCountry "USA"]
[EventCategory "9"]
[SourceTitle "CBM 173 Extra"]
[Source "ChessBase"]
[SourceDate "2016.08.29"]
[SourceVersion "1"]
[SourceVersionDate "2016.08.29"]
[SourceQuality "1"]
[WhiteClock "0:32:54"]
[BlackClock "0:34:31"]

1. e4 c5 2. Nf3 d6 3. d4 cxd4 4. Nxd4 Nf6 5. Nc3 g6 {Few International and
Grandmasters opt solely for the Sicilian Dragon, but Michael Bodek is an
expert on the line.} 6. Be3 Bg7 7. f3 O-O 8. Qd2 Nc6 9. O-O-O d5 10. Qe1 $5 {
An interesting sideline,} (10. exd5 Nxd5 11. Nxc6 bxc6 12. Bd4 {Is the main
line, and has been tested on the highest level in recent years.}) 10... e5 11.
Nxc6 bxc6 12. exd5 Nxd5 13. Bc4 Be6 14. Kb1 Re8 15. Ne4 Qc7 16. Bc5 Nf4 {
Relieving some of the pressure} (16... Rad8 {Is a decent alternative}) 17. Bxe6
Nxe6 18. Bd6 Qb6 19. g4 $1 {Aiming to fix Black's pawn structure on the
Kingside by going g5 next.} Rad8 20. g5 (20. Qc3 Nd4 21. Bc5 {Followed by
h4-g5 or h4-h5 would have given White a more stable advantage.}) 20... Nd4 21.
h4 Rxd6 $1 {The best practical chance, objectively White should be able to
utilize the material advantage, but Black has long-term compensation.} (21...
Nxf3 {Looks tempting but after} 22. Qc3 Nd4 23. h5 $1 {Would give White a
dangerous attack with Qh3 coming next.}) 22. Nxd6 Rb8 23. b3 $2 (23. Qc3 {
Looks scary, but after} Ne2 24. Qa3 e4 25. Nc4 $1 Qb5 26. Qb3 $1 {White can
exchange the Queens, and the Black attack is facing a dead end.}) 23... Qc5 $1
{Now Black wins back an important pawn, granting him full compensation.} 24. c3
Qxd6 25. cxd4 exd4 26. Rd3 c5 $1 27. Ka1 Qa6 28. Qd2 c4 29. bxc4 Qxc4 {White
is able to block the Black d-pawn, but only Black can hope to achieve an
advantage in this position due to the weak White King.} 30. Rc1 Qe6 31. Qf4 Re8
32. Qe4 $1 Qd7 33. Qc6 $1 {The best strategy for White to defend; Black can't
allow the Queens to be exchanged as it would decrease the initiative
significantly.} Qe7 34. Qe4 Qd7 35. Qc6 Qe7 36. Qc7 {Black can't escape from
the repetitive trade offers and the game ends in a logical draw.} Qe2 37. Qc2
Qe5 38. Qc5 Qe2 39. Qc2 Qe5 40. Qc5 Qe2 $11 {A good game by both players.
Harmon-Vellotti got the advantage out of the opening but Michael Bodek managed
to recuperate by a strong exchange sacrifice.} 1/2-1/2

[Event "Krakow op 21st"]
[Site "Krakow"]
[Date "2010.12.28"]
[Round "2"]
[White "Sharapov, Evgeny"]
[Black "Hartikainen, Markku"]
[Result "1-0"]
[WhiteElo "2468"]
[BlackElo "2306"]
[Annotator "CB"]
[PlyCount "59"]
[EventDate "2010.12.27"]
[EventType "swiss"]
[EventRounds "9"]
[EventCountry "POL"]
[SourceTitle "CBM 140 Extra"]
[Source "ChessBase"]
[SourceDate "2011.03.01"]
[SourceVersion "1"]
[SourceVersionDate "2011.03.01"]
[SourceQuality "1"]

1. e4 c5 2. Nf3 d6 3. d4 cxd4 4. Nxd4 Nf6 5. Nc3 g6 6. Be3 Bg7 7. f3 Nc6 8. Qd2
O-O 9. g4 Be6 10. O-O-O Nxd4 11. Bxd4 Qa5 12. Kb1 Rfc8 13. a3 Rab8 14. h4 b5
15. Nd5 Qxd2 16. Rxd2 Bxd5 17. exd5 a5 18. g5 {"A weak move. I do not
understand how I could have made it. I should have played} (18. h5 {",
commented GM Sharapov.}) 18... Nh5 19. Bxg7 Kxg7 20. Bh3 Rc4 21. Bg4 b4 22. b3
bxa3 23. Ka2 Rc3 24. Kxa3 Nf4 25. Re1 Rb5 26. Rxe7 Rxd5 $2 {#} ({"} 26... Nxd5
{was necessary. It led to an equal position, though there would be still some
play. Probably, I would try} 27. Ra7 {"}) 27. Be6 $3 Nxe6 ({If} 27... Rxd2 {
then} 28. Rxf7+ Kg8 ({Black cannot play} 28... Kh8 29. Rf8+ Kg7 30. Rg8# {
and thus he cannot avoid a windmill.}) 29. Rxf4+ Kg7 30. Rf7+ Kg8 31. Rc7+ {
etc.}) 28. Rxd5 Rxc2 29. Rxd6 Nc5 30. Rf6 1-0

[Event "St Petersburg zt"]
[Site "St Petersburg"]
[Date "1993.??.??"]
[Round "4"]
[White "Sokolov, Andrei"]
[Black "Tiviakov, Sergei"]
[Result "1-0"]
[WhiteElo "2555"]
[BlackElo "2575"]
[Annotator "Chekhov,V"]
[PlyCount "101"]
[EventDate "1993.01.??"]
[EventType "swiss"]
[EventRounds "9"]
[EventCountry "RUS"]
[SourceTitle "CBM 034"]
[Source "ChessBase"]
[SourceDate "1993.06.01"]
[SourceVersion "1"]
[SourceVersionDate "1993.06.01"]
[SourceQuality "1"]

1. e4 c5 2. Nf3 d6 3. d4 cxd4 4. Nxd4 Nf6 5. Nc3 g6 6. Be3 Bg7 7. f3 Nc6 8. Qd2
O-O 9. O-O-O d5 10. exd5 (10. Qe1 e5 11. Nxc6 bxc6 12. exd5 cxd5 13. Bg5 Be6
14. Bc4 Qc7 15. Bxf6 dxc4 16. Bxg7 Kxg7 17. Qe3 $16 {Kuporosov-Kovacevic/
Vrnjacka Banja/1992/}) 10... Nxd5 11. Nxc6 bxc6 12. Bd4 e5 (12... Nxc3 {
Tiviakov} 13. Qxc3 Bh6+ 14. Be3 Bxe3+ 15. Qxe3 Qb6 16. Qxe7 Be6 17. Qf6 Rfd8
18. Bd3 Bxa2 19. Rhe1 $1 $14 {Gurevich,I-Petursson,M/Saint Martin/1992/}) (
12... Bxd4 $5 13. Qxd4 Qb6 14. Nxd5 cxd5 {Gurevich,I-Rogers,I/London/1992/} 15.
Qxb6 axb6 16. a3 $10) 13. Bc5 Be6 (13... Re8 14. Nxd5 cxd5 15. Qxd5 Qxd5 16.
Rxd5 Be6 17. Rd6 Bxa2 18. b4 a5 (18... Bf8 19. Ra6 $16) 19. Bb5 Rec8 20. Bd7
Rc7 21. Bc6 $1 $16 {Kruppa-Tiviakov/Kherson/1991/}) 14. Ne4 Re8 (14... Rb8) (
14... Qc7 15. Bxf8 Bxf8 $146 16. Bc4 Rb8 17. Bb3 Qb6 18. Kb1 Ne3 19. Rde1 Nc4
20. Qf2 $14 {Barskij-Kozyrev/Moscow/1992/}) 15. h4 h6 16. g4 Nf4 (16... Qc7 17.
g5 (17. h5 g5 18. Rh2 $1 Red8 19. Qe1 Nf4 20. Rhd2 Rxd2 21. Qxd2 Bd5 $10 {
Arnasson,J-Mc Cambridge/Grindovik/1984/}) 17... h5 18. Bc4 Red8 $1 19. Qf2 Nf4
20. Bxe6 Nxe6 21. Bd6 Qa5 $10 {Rodriquez,Am-Komljanovic/Burriana/1990/}) 17.
Qc3 Bd5 18. g5 $1 (18. h5 f5 19. gxf5 gxf5 20. Rg1 fxe4 21. fxe4 Qf6 $13 {
ECO-Psakhis}) 18... Ne6 (18... h5 19. Qa3 Qc7 20. Nf6+ Bxf6 21. gxf6 Qc8 22. c4
Be6 23. Rh2 Bf5 24. Rhd2 $16 {Fernamdez Garcia-Martin Gonzalez/Almeria/1989/})
19. gxh6 Bxh6+ 20. Be3 $1 $16 Bg7 (20... Bxe3+ 21. Qxe3 Qe7 22. h5 $16) 21. h5
f5 (21... gxh5 22. Rxh5 Nf4 23. Rh2 $16) 22. hxg6 Qe7 (22... Nd4 23. Bg5) 23.
Ng3 f4 (23... Bxf3 24. Nxf5 Qf6 25. Nxg7 Qxg7 (25... Bxh1 26. Nxe8 Rxe8 27. Bc4
$16) 26. Rh7 Qxg6 27. Bd3) 24. Nf5 Qg5 25. Nxg7 fxe3 26. Rh5 Qf4 (26... Qxg6
27. Nxe8 Rxe8 28. Rxe5) 27. Nxe6 Rxe6 28. Be2 Rae8 29. Rdh1 Rxg6 30. Qd3 Rg7
31. R5h4 Qg5 32. Rg4 Qxg4 $8 33. fxg4 Bxh1 34. Qxe3 Bd5 35. b3 Ree7 36. Kb2 e4
37. a4 Be6 38. Qc5 Bd7 39. g5 e3 40. Qxa7 Rxg5 41. a5 Rg2 42. Bc4+ Kf8 43. Qd4
Be6 44. Qh8+ Bg8 45. Qh6+ Rgg7 46. Qf6+ Rgf7 47. Qxc6 $1 Bh7 (47... e2 48. Qc8+
Re8 49. Qc5+ Kg7 50. Qg5+ Kf8 51. Qh6+ Rg7 52. Qd6+ Rge7 53. Bxe2) 48. Qh6+ Rg7
49. Qf6+ Ke8 50. Bb5+ Kd8 51. Qd6+ 1-0

[Event "URS-ch FL56"]
[Site "Klaipeda"]
[Date "1988.??.??"]
[Round "?"]
[White "Dolmatov, Sergey"]
[Black "Shirov, Alexei"]
[Result "1-0"]
[WhiteElo "2550"]
[BlackElo "2380"]
[Annotator "ChessBase"]
[PlyCount "95"]
[EventDate "1988.11.??"]
[EventType "tourn"]
[EventRounds "17"]
[EventCountry "URS"]
[EventCategory "9"]
[SourceTitle "CBM 011"]
[Source "ChessBase"]
[SourceDate "1989.08.01"]
[SourceVersion "1"]
[SourceVersionDate "1989.08.01"]
[SourceQuality "1"]

1. e4 c5 2. Nf3 d6 3. d4 cxd4 4. Nxd4 Nf6 5. Nc3 g6 6. Be3 Bg7 7. f3 O-O 8. Qd2
Nc6 9. g4 Be6 10. O-O-O Nxd4 11. Bxd4 Qa5 12. a3 Rfc8 (12... Rab8 13. h4 b5 14.
Nd5 Qxd2+ 15. Rxd2 Bxd5 $1 16. exd5 a5 17. Be2 Rfc8 18. Re1 Nd7 {=/~/=
Dolmatov,S-Watson,W/Sochi/1988/1-0/}) 13. h4 (13. Nd5 $2 Qxd2+ 14. Rxd2 Bxd5
15. exd5 Bh6) 13... Rab8 14. Nd5 (14. h5 b5 15. h6 b4 $1 16. hxg7 (16. Nb5 $5
Rxb5 17. Bxb5 Qxb5 18. hxg7 bxa3 19. bxa3 Qa4 $1 $17) 16... bxa3 17. Qh6 axb2+
18. Kd2 Bxg4 $3 $17 {Plaskett,J-Watson,W/Brighton/1983/0-1/}) (14. Kb1 $6 b5
15. Nd5 Qxd2 16. Rxd2 Nxd5 17. Bxg7 Kxg7 18. exd5 Bd7 {/\ 18...a5! Gurevich,
I-Shirov/Timisoara WchJ-U16/1988/}) (14. Be2 $5 b5 15. Nd5 Qxd2+ 16. Rxd2)
14... Qxd2+ 15. Rxd2 Nxd5 (15... Bxd5 16. exd5 a6 17. Bh3 $1 Nd7 18. g5 Rc7 19.
Bxd7 Rxd7 20. h5 {Miles,A-Keene,R/London/1982/1-0/}) 16. exd5 (16. Bxg7 Kxg7 $1
17. exd5 Bd7 18. h5 h6 19. hxg6 fxg6 20. Bd3 Rh8 $10 {Nunn,J-Karlsson,L/
Helsinki/1983/}) 16... Bxd5 17. Bxg7 Bxf3 18. Rh3 Bxg4 19. Rg3 (19. Bd4 $5 Bxh3
20. Bxh3 Rc4 (20... e6 21. Bxa7 Ra8 22. Be3) 21. Bxa7 Rxh4 (21... Ra8 22. Bf2
$16) 22. Bg2 $1 Ra8 23. Bf2 $16) 19... Kxg7 20. Rxg4 f5 $6 21. Ra4 a6 22. Rb4
h6 23. Rd5 $6 {23.a4!} b5 $1 24. a4 Rc5 25. Rxc5 dxc5 26. Rb3 Kf6 27. axb5 axb5
28. Rxb5 Rxb5 29. Bxb5 e5 30. Kd2 g5 31. h5 $1 e4 $2 (31... g4 $1 32. Ke3 Kg5
33. c3 Kxh5 34. b4 cxb4 35. cxb4 Kg5 36. Bd7 {= / +-}) 32. Ke3 $1 Ke5 33. Bd7
f4+ (33... g4 $5 34. Kf2 Kf4 35. c3 c4 {Kritische Stellung = / +-}) 34. Ke2 Kd4
35. c3+ Kd5 36. b3 Kd6 37. Bc8 Ke5 38. Kf2 Kd5 39. Kf1 Kd6 $1 40. Kg1 Kd5 41.
Kf2 Kd6 42. Kg2 Ke5 43. Bg4 $1 Kd5 $6 {43...Kd6} 44. Bf5 $1 Ke5 45. Bc8 Kd5 46.
Kh3 Ke5 47. Kg4 Kd6 48. Bb7 {48...Ke5 49.Bc6 e3 (49...f3 50.Kg3) 50.Bf3 Ke6 51.
b4 cb4 52.cb4 Ke5 53.b5} 1-0